01028nam a22002177a 4500003001700000005001700017008004100034020001800075040000700093041001200100082001700112100002200129245003000151250000600181260002900187300003000216365005800246520044100304650003300745700003200778St Aloysius Coll20250816111739.0250816b |||||||| |||| 00| 0 eng d a9789353503260 cAL aEnglish a658.57bZIKB aWilliam G Zikmund aBusiness research methods a9 aAustraliabCengagec2013 axxiv,664pbPBc28x21.5cm. 2Generala2646b₹796.00c₹d995.00e20%f8/08/2025 aThis best-selling text continues in its ninth edition to provide the most current and comprehensive coverage of business research. Its student-friendly design contains numerous examples illustrating real-world research in management, marketing, finance, accounting, and other business areas. Business research methods, 9E, is the ideal text for undergraduate and first year MBA courses in marketing, management, or Quantitative studies. 2ManagementaResearch Methods aCarr, Jon CdGriffin, Mitch